Basic Technical English (Record no. 5354)
[ view plain ]
| 000 -LEADER | |
|---|---|
| fixed length control field | 01384cam a22002174a 4500 |
| 005 - ΗΜΕΡΟΜΗΝΙΑ ΚΑΙ ΩΡΑ ΤΕΛΕΥΤΑΙΑΣ ΕΝΗΜΕΡΩΣΗΣ | |
| Πεδίο ελέγχου | 20250605164210.0 |
| 008 - FIXED-LENGTH DATA ELEMENTS--GENERAL INFORMATION | |
| Πεδίο ελέγχου σταθερού μήκους | 250528s ||||||||||||||||||||||||d |
| 035 ## - SYSTEM CONTROL NUMBER | |
| System control number | 20220 |
| 020 ## - ISBN | |
| ISBN | 194573826 |
| 040 ## - ΠΗΓΗ ΚΑΤΑΛΟΓΟΓΡΑΦΗΣΗΣ | |
| Φορέας πρωτότυπης καταλογογράφησης | MC Athens Campus Library |
| Γλώσσα καταλογογράφησης | Ελληνικά, Μοντέρνα (1453-) |
| Modifying agency | MC Athens Campus Library |
| Κανόνες περιγραφικής καταλογογράφησης | AACR2 |
| 245 1# - ΤΙΤΛΟΣ ΚΑΙ ΔΗΛΩΣΗ ΥΠΕΥΘΥΝΟΤΗΤΑΣ | |
| Τίτλος | Basic Technical English |
| 260 ## - PUBLICATION, DISTRIBUTION, ETC. | |
| Name of publisher, distributor, etc. | Oxford University Press, |
| Date of publication, distribution, etc. | 1985 |
| 300 ## - PHYSICAL DESCRIPTION | |
| Extent | 90 |
| 520 ## - SUMMARY, ETC. | |
| Summary, etc. | A reading course for beginner/ elementary level students in secondary schools, vocational schools and colleges, or in-company training programmes. Shapes, Forms of Transport, Vehicle Components, Materials, Geometric Shapes, Rotary Systems, Geometric Shapes, Electric Circuits, Rotary Systems Drills Cameras, Cutting Tools and Machines, Vehicle Components, Manual Operations, Generators, Petrol Engines, Manual Controls, Rotary Systems, Valves, Measuring Instruments, Cutting Machines, Joining Methods, Industrial Processes, Steam Engines, Petrol Engines, Electromagnetism, Materials, Measuring Instruments, Fault Finding, Electrical Components, Materials, Joining Methods, Electrical Connections, Personal Safety, Materials Protection, Structural Safety, Industrial Processes, Electronic Components, Thermostatic Controls, Refrigeration, Petrol Engines. |
| 700 1# - ΠΡΟΣΘΕΤΗ ΑΝΑΓΡΑΦΗ--ΦΥΣΙΚΟ ΠΡΟΣΩΠΟ | |
| Personal name | Comfort Jeremy |
| 9 (RLIN) | 5186 |
| 700 1# - ΠΡΟΣΘΕΤΗ ΑΝΑΓΡΑΦΗ--ΦΥΣΙΚΟ ΠΡΟΣΩΠΟ | |
| Personal name | Hick Steve |
| 9 (RLIN) | 6247 |
| 700 1# - ΠΡΟΣΘΕΤΗ ΑΝΑΓΡΑΦΗ--ΦΥΣΙΚΟ ΠΡΟΣΩΠΟ | |
| Personal name | Savage Allan |
| 9 (RLIN) | 6248 |
| 942 ## - ADDED ENTRY ELEMENTS (KOHA) | |
| Koha item type | Books |
| Τύπος τεκμηρίου | Βιβλιοθήκη | Τρέχουσα τοποθεσία | Barcode | Αριθμός εισαγωγής | Ημερομηνία απόκτησης | Ταξιθετικό σύμβολο | Αριθμός αντιτύπου | Κατάσταση απόσυρσης | Κατάσταση χαμένου | Κατάσταση κατεστραμμένου | Μη δανεισμός | Σύνολο δανεισμών | Ημερομηνία τελευταίας εμφάνισης | Η τιμή ισχύει από |
|---|---|---|---|---|---|---|---|---|---|---|---|---|---|---|
| Books | MC Athens Campus Library | MC Athens Campus Library | 9780000053534 | 6493 | 05/06/2025 | 428.2/4/0246 COM | 1 | 05/06/2025 | 05/06/2025 |